Concept of Environmental Taxes as EU’s Own Resource and CGE Modelling of its Effects on Slovakia

Vlastné zdroje Európskej únie tvoria základný kameň príjmov európskeho rozpočtu. Súčasný princíp vlastných zdrojov je neprehľadný a mätúci. Nový koncept environmentálnej dane môže byť ďalším zdrojom európskeho rozpočtu. Tento koncept by mohol sprehľadniť financovanie európskeho rozpočtu a napomôcť l...

Descripción completa

Guardado en:
Detalles Bibliográficos
Autor principal: Páleník, Viliam
Otros Autores: Miklošovič, Tomáš
Formato: Capítulo de libro
Lenguaje:inglés
Materias:
Etiquetas: Agregar Etiqueta
Sin Etiquetas, Sea el primero en etiquetar este registro!

MARC

LEADER 00000naa a2200000 4500
001 0241579
005 20221104111305.0
041 0 |a eng 
044 |a SK 
245 1 0 |a Concept of Environmental Taxes as EU’s Own Resource and CGE Modelling of its Effects on Slovakia  |c Viliam Páleník, Tomáš Miklošovič 
520 |a Vlastné zdroje Európskej únie tvoria základný kameň príjmov európskeho rozpočtu. Súčasný princíp vlastných zdrojov je neprehľadný a mätúci. Nový koncept environmentálnej dane môže byť ďalším zdrojom európskeho rozpočtu. Tento koncept by mohol sprehľadniť financovanie európskeho rozpočtu a napomôcť lepšiu environmentálnu ochranu. S kombináciou aplikovania princípu fiškálnej neutrálnosti, ktorá by pozostávala z poklesu priamych daní, by mohla viesť k ekonomickému rastu. Koncept reformy vlastných zdrojov EÚ pozostáva zo zavedenia environmentálnej dane vo výške 1 % HDP a paralelného zníženia daňového zaťaženia o rovnakú sumu. 
610 2 0 |a Európska únia 
610 2 0 |a rozpočet spoločný 
610 2 0 |a dane ekologické 
610 2 0 |a zdroje finančné vlastné 
610 2 0 |a produkt domáci hrubý 
610 2 0 |a Slovensko 
100 1 |a Páleník, Viliam 
700 1 |a Miklošovič, Tomáš